| 000 | 00764nam a2200181 a 4500 | ||
|---|---|---|---|
| 008 | 120416s1990 ||||||||||||||||| || u | ||
| 020 | _a9982011529 | ||
| 050 | _aPL 8019 | ||
| 100 | _aKashoki, Mubanga E | ||
| 245 | 1 | 4 | _aThe factor of language in Zambia |
| 260 |
_aLusaka _bKenneth Kaunda Foundation _c1990 |
||
| 300 | _ax, 164p. : ill. | ||
| 350 | _a0.00 | ||
| 650 | _aENGLISH LANGUAGE --STUDY AND TEACHING--ZAMBIA | ||
| 650 | _aENGLISH LANGUAGE--POLITICAL ASPECTS--ZAMBIA | ||
| 995 |
_aSPECIAL COLLECTIONS _D0.00 _e721527 _FCBU-MAIN LIBRARY (Kitwe) _H1 _I0.00 _jZAM PL 8019 Kas _M1 _UAVAILABLE _y024326 _ZZambiana Collection |
||
| 995 |
_aSPECIAL COLLECTIONS _D0.00 _e721528 _FCBU-MAIN LIBRARY (Kitwe) _H2 _I0.00 _jZAM PL 8019 Kas _M2 _UAVAILABLE _y024327 _ZZambiana Collection |
||
| 999 |
_c62978 _d62978 |
||